Official Country Names With "Democratic" In the Name - Statistics

General Stats
  • This quiz has been taken 27 times
  • The average score is 5 of 9
Answer Stats
Continent Answer % Correct
Africa Democratic Republic of the Congo
91%
Asia Democratic People’s Republic of Korea
77%
Africa People’s Democratic Republic of Algeria
64%
Asia Democratic Socialist Republic of Sri Lanka
55%
Africa Federal Democratic Republic of Ethiopia
55%
Asia Federal Democratic Republic of Nepal
50%
Asia Laos People’s Democratic Republic
50%
Asia Democratic Republic of Timor-Leste
41%
Africa Democratic Republic of Sao Tome and Principe
27%
No matching quizzes found
Score Distribution
Percent of People with Each Score
Percentile by Number Answered
Your Score History
You have not taken this quiz